1068 1211 1533 1795 1466 1736 1617 1167 1392 1599 1197 1799 1975 1314 1657 1048 1716 1155 1697 1112 1391 1315 1021 1699 1193 1561 1501 1508 1868 1194 1641 1250 1503 1605 1355 1363 1565 1755 1161 1000 1751 1745 1922 1728 1074 1313 1165 1072 1970 1868 1393 1071 1910 1545 1279 1426 1106 1282 1423 1816 1932 1213 1694 1764 1962 1989 1863 1314 1886 1844 1404 1195 1440 1537 1487 1359 1483 1515 1858 1840 1911 1175 1888 1544 1348 1938 1657 1262 1610 1959 1152 1516 1891 1812 1309 1568 1478 1993 1232 BCNSPRNW ULIB Ver.6.0+V

เปลี่ยนเป็นภาษาไทย

Change to English
 แสดงรายละเอียดบรรณานุกรม
  กลับหน้าหลัก

Brief Record : Get Marc (ISO 2709) : E-mail record : QR code < ปิดหน้าต่าง
LEADER : 00000nam 2200000uu 4500
001    13399112662
003     ULIB
008    110830s2551||||th 000 0 tha d
050  4 JQ1746^bว844ภ 2551
100 0  วีระชัย คำล้าน
245 00 ภาค ก.ความรู้ความสามารถทั่วไป (หมวดวิชาภาษาไทย) /^cวีระชัย คำล้าน
250    พิมพ์ครั้งที่ 1
260    อุบลราชธานี :^bยงสวัสดิ์อินเตอร์กรุ๊ป,^c2551
300    130 หน้า ;^cแนวข้อสอบ
650  7 ความรู้ความสามารถทั่วไป
650  7 คู่มือเตรียบสอบ^xก.พ.
945    ^p125^l0^i027477
995    ทศพร
999 ^a ทศพร
รายการนี้ยังไม่มีแท็ก
คุณยังไม่ได้ล็อกอิน คุณสามารถมีกิจกรรมร่วมกับเว็บไซต์ได้ แต่ต้องล็อกอินก่อน ::
  ล็อกอิน

รายการสื่อสารสนเทศ

ลำดับที่ ประเภท เลขเรียก/บาร์โค้ด สถานที่ สถานะ
- ไม่พบข้อมูล -

BibComment


ยังไม่เคยถูกคอมเมนท์

คอมเมนท์ทรัพยากรรายการนี้
  คอมเมนท์: ภาค กความรู้ความส..


 Copyright 2026. Bcnsprnw @Library